000
00328nam a22001457a 4500
008
211013b ||||| |||| 00| 0 eng d
020
_a
9780805300918
041
_a
eng
080
_a
621
082
_a
621
100
_a
26
101
_a
MEK
245
_a
Object Oriented Design with Applications
_c
Booch,G
942
_2
udc
_c
BK
999
_c
58208
_d
58208